00194nam a22000857a 4500082001400000100002000014245003800034260002800072300000800100 a624.17NIC aNichdas William aStructural analysis for engineers aNew Delhi bMcGraw Hill a464